000
00293nam a22001097a 4500
008
160512b xxu||||| |||| 00| 0 eng d
020
_a
9994397478
041
_a
eng
080
_a
612.39
245
_a
Proceset themelore ne teknologjine ushqimore:
_c
Anila Kopali; Ilir Malollari;
942
_2
udc
_c
BK
999
_c
2095
_d
2095